兵法三十六計 読み方 - Statistics

General Stats
  • This quiz has been taken 34 times
  • The average score is 24 of 36
Answer Stats
兵法三十六計 読み方 % Correct
勝戦計 6 声東撃西 せいとうげきせい
88%
敵戦計 10 笑裏蔵刀 しょうりぞうとう
88%
敗戦計 32 空城計 くうじょうけい
88%
敗戦計 34 苦肉計 くにくけい
88%
敗戦計 35 連環計 れんかんけい
88%
勝戦計 3 借刀殺人 しゃくとうさつじん
85%
敗戦計 31 美人計 びじんけい
85%
敗戦計 33 反間計 はんかんけい
85%
勝戦計 1 瞞天過海 まんてんかかい
81%
勝戦計 2 囲魏救趙 いぎきゅうちょう
81%
敵戦計 9 隔岸観火 かくがんかんか
81%
攻戦計 15 調虎離山 ちょうこりざん
81%
混戦計 23 遠交近攻 えんこうきんこう
81%
敗戦計 36 走為上 そういじょう
81%
敵戦計 8 暗渡陳倉 あんとちんそう
77%
攻戦計 14 借屍還魂 しゃくしかんこん
77%
併戦計 29 樹上開花 じゅじょうかいか
77%
勝戦計 4 以逸待労 いいつたいろう
73%
敵戦計 12 順手牽羊 じゅんしゅけんよう
73%
攻戦計 13 打草驚蛇 だそうきょうだ
73%
混戦計 22 関門捉賊 かんもんそくぞく
69%
併戦計 26 指桑罵槐 しそうばかい
69%
敵戦計 7 無中生有 むちゅうしょうゆう
65%
併戦計 30 反客為主 はんかくいしゅ
65%
敵戦計 11 李代桃僵 りだいとうきょう
62%
攻戦計 18 擒賊擒王 きんぞくきんおう
58%
混戦計 19 釜底抽薪 ふていちゅうしん
54%
勝戦計 5 趁火打劫 ちんかだこう
50%
併戦計 27 仮痴不癲 かちふてん
50%
併戦計 28 上屋抽梯 じょうおくちゅうてい
46%
攻戦計 16 欲擒姑縦 よくきんこしょう
35%
混戦計 21 金蝉脱殻 きんせんだっかく
35%
混戦計 20 混水摸魚 こんすいぼぎょ
31%
攻戦計 17 抛磚引玉 ほうせんいんぎょく
23%
併戦計 25 偸梁換柱 とうりょうかんちゅう
23%
混戦計 24 仮道伐虢 かどうばつかく
19%
No matching quizzes found
Score Distribution
Percent of People with Each Score
Percentile by Number Answered
Your Score History
You have not taken this quiz